Planets of the Solar System - Statistics

General Stats
  • This quiz has been taken 34 times
  • The average score is 7 of 8
Answer Stats
Hint Answer % Correct
3 Earth
100%
4 Mars
100%
1 Mercury
85%
6 Saturn
85%
2 Venus
85%
5 Jupiter
80%
8 Neptune
80%
7 Uranus
80%
No matching quizzes found
Score Distribution
Percent of People with Each Score
Percentile by Number Answered
Your Score History
You have not taken this quiz